00714 2200253 4500001002100000005001500021035002000036007000300056008004100059020002200100082001000122084001600132100002300148245010900171250001000280260003900290300003000329500001100359650001300370700002400383504003100407990001100438990001100449INLIS00000000000295620190119114315 a0010-0119000308ta190119 g 0 ind  a978-602-7874-94-7 a920.3 a920.3 TAU e0 aTAUFIK, Adi Susilo1 aEnsiklopedi Presiden Republik Indonesia :bSoekarno /cTaufik Adi Susilo; penyunting, Absul Qodir Shaleh acet.1 aYogyakarta :bAr-ruzz Media,c2017 ajil.1, 233 hlm. ;c21 cm. aIndeks aBIOGRAFI0 aABSUL, Qodir Shaleh aBibliografi : hlm. 213-224 a6391 a a6391 b